000 01167nam0a22002651 4500
001 rc\14988
005 20021204102013.7
035 _a(NLR Aleph) 005303311
090 _a6311354
_c6311354
100 _a20021204d1992 u |0rusy50 ca
101 0 _arus
102 _aRU
105 _aa |||||||||
200 1 _aОсновные понятия и простейшие задачи теории упругости
_eУчеб. пособие
_fМ.В. Апайчев, И.А. Иванов, О.С. Садаков
_gМ-во науки, высш. шк. и техн. политики Рос. Федерации. Челяб. гос. техн. ун-т. Каф. сопротивления материалов, динамики и прочности машин
210 _aЧелябинск
_cЧГТУ
_d1992
215 _a65 с.
_cил.
_d20
320 _aБиблиогр.: с. 63
700 1 _aАпайчев
_bМ. В.
_gМихаил Викторович
701 1 _aИванов
_bИ. А.
701 1 _aСадаков
_bО. С.
_gОлег Сергеевич
801 0 _aRU
_bNLR
_gpsbo
801 1 _aRU
_bELAR
_2rusmarc
852 _aNLR
_j92-4/5737
942 _cBOOK
980 _aNB